Health Cre Economics, (Record no. 5871)

MARC details
005 - DATE AND TIME OF LATEST TRANSACTION
control field 20250628081040.0
020 ## - INTERNATIONAL STANDARD BOOK NUMBER
International Standard Book Number 0-7668-0699-5
082 ## - DEWEY DECIMAL CLASSIFICATION NUMBER
Classification number 338.473621 FEL,
100 ## - MAIN ENTRY--PERSONAL NAME
Author name FELDSTEIN, P.J.
245 ## - TITLE STATEMENT
Title Health Cre Economics,
250 ## - EDITION STATEMENT
Edition statement 5th Ed,
260 ## - PUBLICATION, DISTRIBUTION, ETC.
Place of publication, distribution, etc. New York,
Name of publisher, distributor, etc. International Thomson Publishing,
Date of publication, distribution, etc. 1999.
300 ## - PHYSICAL DESCRIPTION
Extent xxi.;627p: ill,; figure,
Other physical details Glossary & Index.
Dimensions 24cm.
942 ## - ADDED ENTRY ELEMENTS (KOHA)
Source of classification or shelving scheme Dewey Decimal Classification
Koha item type Books
Holdings
Date last seen Total checkouts Full call number Barcode Cost, replacement price Price effective from Koha item type Lost status Source of classification or shelving scheme Damaged status Not for loan Withdrawn status Home library Current library Date acquired Cost, normal purchase price
06/28/2025   338.4'73621 FEL DOM0003201 135000.00 06/28/2025 Books   Dewey Decimal Classification       CBE Dodoma CBE Dodoma 05/02/2005 45000.00